000
00246nam a2200097Ia 4500
008
240625s9999 xx 000 0 und d
041
_a
eng
082
_a
808.20 LAW
100
_a
LAWRENCE MARGARET
245
_a
DESIGNING A MERCHANDISING PLAN FOR SUPER
999
_c
37212
_d
37212